| 000 | 00000nam##2200000za#4500 |
| 001 | 9.663102 |
| 003 | CaOODSP |
| 005 | 20220328113336 |
| 007 | ta |
| 008 | 150407|2001||||xxc||||| f|0| 0 fre|d |
| 020 | |a0-662-65989-9 |
| 040 | |aCaOODSP|bfre |
| 041 | |aeng |
| 041 | |afre |
| 043 | |an-cn--- |
| 086 | 1 |aC2-589/2001 |
| 110 | 1 |aCanada. |bIndustrie Canada. |
| 245 | 10|aAméliorer la réglementation des aliments génétiquement modifiés et des autres aliments nouveaux au Canada : |brapport provisoire adressé au Comité de coordination ministérielle de la biotechnologie, gouvernement du Canada / |cPublié par le Comité consultatif canadien de la biotechnologie. |
| 260 | |aOttawa - Ontario : |bIndustrie Canada |c2001. |
| 300 | |aTexte français, 77p. : |bréférences ; |c28 cm. |
| 546 | |aBilingue |
| 563 | |aCouverture souple |
| 590 | |a01-42|b2001-10-19 |
| 691 | 07|aGénie génétique|2gcpds |
| 691 | 07|aRéglementation|2gcpds |
| 691 | 07|aIndustrie agro-alimentaire|2gcpds |
| 776 | 0#|tAméliorer la réglementation des aliments génétiquement modifiés et des autres aliments nouveaux au Canada : |w(CaOODSP)9.639346 |
| 776 | 0#|tImproving the regulation of genetically modified foods and other novel foods in Canada : |w(CaOODSP)9.695200 |
| 791 | |tImproving the regulation of genetically modified foods and other novel foods in Canada : |eeng|w(CaOODSP)9.663101 |